Type Pokémon - Statistiques

Statistiques générales
  • Ce quiz a été pris 118 fois
  • Le résultat moyen est 14 sur 18
Statistiques - réponses
Type de quiz % Correct
Eau
100%
Feu
99%
Plante
96%
Dragon
85%
Psy
84%
Fée
82%
Normal
80%
Combat
79%
Sol
76%
Glace
75%
Vol
75%
Roche
73%
Acier
72%
Ténèbres
70%
Spectre
68%
Poison
67%
Insecte
66%
Électrik
63%
Aucun quiz correspondant
Distribution des résultats
% des personnes avec chaque résultat
Percentile par nombre de réponses
Votre historique - résultats
Vous n’avez pas pris ce quiz